000
00260nam a2200121Ia 4500
008
190216s9999||||xx |||||||||||||| ||und||
100
_a
Dutta
245
0
_a
Botany
260
_b
Oxford University Press
_c
1968
300
_a
798p
650
_a
Botany
942
_c
BK
999
_c
1279
_d
1279